00334nam a2200133Ia 4500003000400000005001700004008004100021020001800062100001500080245004300095250000800138260003600146300001800182OSt20250317132909.0240827s9999 xx 000 0 und d a9783111258300 aJames, Tom 0aBlockchain and artificial intelligence a1st bWalter de Gruyterc2023aBerlin axi,253p.ePbk